<?xml version="1.0" encoding="UTF-8"?><?xml-stylesheet type="text/xsl" href="static/style.xsl"?><OAI-PMH xmlns="http://www.openarchives.org/OAI/2.0/" xmlns:xsi="http://www.w3.org/2001/XMLSchema-instance" xsi:schemaLocation="http://www.openarchives.org/OAI/2.0/ http://www.openarchives.org/OAI/2.0/OAI-PMH.xsd"><responseDate>2026-04-14T07:50:33Z</responseDate><request verb="GetRecord" identifier="oai:www.recercat.cat:2072/460394" metadataPrefix="marc">https://recercat.cat/oai/request</request><GetRecord><record><header><identifier>oai:recercat.cat:2072/460394</identifier><datestamp>2024-11-04T03:03:04Z</datestamp><setSpec>com_2072_98</setSpec><setSpec>col_2072_378192</setSpec></header><metadata><record xmlns="http://www.loc.gov/MARC21/slim" xmlns:dcterms="http://purl.org/dc/terms/" xmlns:xsi="http://www.w3.org/2001/XMLSchema-instance" xmlns:doc="http://www.lyncode.com/xoai" xsi:schemaLocation="http://www.loc.gov/MARC21/slim http://www.loc.gov/standards/marcxml/schema/MARC21slim.xsd">
   <leader>00925njm 22002777a 4500</leader>
   <datafield ind2=" " ind1=" " tag="042">
      <subfield code="a">dc</subfield>
   </datafield>
   <datafield ind2=" " ind1=" " tag="720">
      <subfield code="a">Fontcuberta, Josep</subfield>
      <subfield code="e">author</subfield>
   </datafield>
   <datafield ind2=" " ind1=" " tag="720">
      <subfield code="a">Skumryev, Vassil</subfield>
      <subfield code="e">author</subfield>
   </datafield>
   <datafield ind2=" " ind1=" " tag="720">
      <subfield code="a">Laukhin, Vladimir</subfield>
      <subfield code="e">author</subfield>
   </datafield>
   <datafield ind2=" " ind1=" " tag="720">
      <subfield code="a">Granados García, Xavier</subfield>
      <subfield code="e">author</subfield>
   </datafield>
   <datafield ind2=" " ind1=" " tag="720">
      <subfield code="a">Salje, Ekhard K. H.</subfield>
      <subfield code="e">author</subfield>
   </datafield>
   <datafield ind2=" " ind1=" " tag="260">
      <subfield code="c">2015</subfield>
   </datafield>
   <datafield ind2=" " ind1=" " tag="520">
      <subfield code="a">Interface physics in oxides heterostructures is pivotal in material's science. Domain walls (DWs) in ferroic systems are examples of naturally occurring interfaces, where order parameter of neighboring domains is modified and emerging properties may develop. Here we show that electric tuning of ferroelastic domain walls in SrTiO leads to dramatic changes of the magnetic domain structure of a neighboring magnetic layer (LaSrMnO) epitaxially clamped on a SrTiO substrate. We show that the properties of the magnetic layer are intimately connected to the existence of polar regions at twin boundaries of SrTiO, developing at , that can be electrically modulated. These findings illustrate that by exploiting the responsiveness of DWs nanoregions to external stimuli, even in absence of any domain contribution, prominent and adjustable macroscopic reactions of neighboring layers can be obtained. We conclude that polar DWs, known to exist in other materials, can be used to trigger tunable responses and may lead to new ways for the manipulation of interfacial emerging properties.</subfield>
   </datafield>
   <datafield ind1="8" ind2=" " tag="024">
      <subfield code="a">http://hdl.handle.net/2072/460394</subfield>
   </datafield>
   <datafield ind2="0" ind1="0" tag="245">
      <subfield code="a">Polar domain walls trigger magnetoelectric coupling</subfield>
   </datafield>
</record></metadata></record></GetRecord></OAI-PMH>